000 01584cam a22001934a 4500
005 20250605164208.0
008 250528s ||||||||||||||||||||||||d
035 _a20146
020 _a9607306988
040 _aGR-AtMCL
_bgre
_dGR-AtMCL
_eAACR2
245 1 _aPassages on Economics / English for Academic Purposes
260 _bΕκδόσεις Σταμούλη Α.Ε,
_c1994
300 _a256
520 _aThis book is a collection of extracts from various Economic books. The Meaning and Measurement of Economic Welfare, Economic Development Defined, Major Requirements for Economic Development, Economic Planning, Development, The Place of Capital in the Economic Process, Productivity and its Relationship with Economic Development, Distribution as an Economic Problem, Inflation, Theories of Taxation, The Meaning of Economic Rent, Wages and Methods of Wage Payment, Production, Industrialism, Investment Banks, Supply and Demand, Functions of Management, Company Financing, The Study of Marketing, Financing of the Marketing Program, Accounting and Management, Cost Accounting, Credit and Collection Letters, The Central Wholesale Market, The Role of Statistics, Science Policy, Port Economics, The Main Alternatives in Shipping, The Liner Trade, Liner Conference System, Consultation Machinery, Science Policy, Translation Exercises, Πίνακας Ανωμάλων Ρημάτων, Αγγλοελληνικό Λεξιλόγιο, Ελληνοαγγλικό Λεξιλόγιο.
700 1 _aApostolou Eleni
_96160
942 _cBK
999 _c5285
_d5285